000 00655nam a2200277Ia 4500
005 20260324145820.0
008 008 260324s9999 xx 000 0 eng d
020 _a9781315533537
037 _aEBOOK
040 _aCRL
040 _beng
040 _cCRL
041 _2eng
041 _aeng
084 _qCRL
100 _aBrian R. Clifford; Ray Bull
_91224287
245 4 _aThe Psychology of Person Identification
260 _bTaylor and Francis
260 _c1978
365 _a
365 _b230
856 _uhttp://www.taylorfrancis.com/books/9781315533537
942 _cEBOOK
999 _c1832714
_d1832714